<?xml version="1.0" encoding="UTF-8"?>
<record
    xmlns:xsi="http://www.w3.org/2001/XMLSchema-instance"
    xsi:schemaLocation="http://www.loc.gov/MARC21/slim http://www.loc.gov/standards/marcxml/schema/MARC21slim.xsd"
    xmlns="http://www.loc.gov/MARC21/slim">

  <leader>01182nam a2200313 a 4500</leader>
  <datafield tag="999" ind1=" " ind2=" ">
    <subfield code="c">23974</subfield>
    <subfield code="d">23974</subfield>
  </datafield>
  <controlfield tag="001">cpk19970184228</controlfield>
  <controlfield tag="005">20251024081145.0</controlfield>
  <controlfield tag="007">tu</controlfield>
  <controlfield tag="008">970205s1996    xr     e p    000 0 cze  </controlfield>
  <datafield tag="020" ind1=" " ind2=" ">
    <subfield code="a">8021014598</subfield>
    <subfield code="q">(Masarykova univerzita ;</subfield>
    <subfield code="q">bro&#x17E;.)</subfield>
  </datafield>
  <datafield tag="020" ind1=" " ind2=" ">
    <subfield code="a">8085765691</subfield>
    <subfield code="q">(Dopln&#x11B;k ;</subfield>
    <subfield code="q">bro&#x17E;.)</subfield>
  </datafield>
  <datafield tag="035" ind1=" " ind2=" ">
    <subfield code="a">(OCoLC)37250402</subfield>
  </datafield>
  <datafield tag="040" ind1=" " ind2=" ">
    <subfield code="a">ABA001</subfield>
    <subfield code="b">cze</subfield>
    <subfield code="c">sk</subfield>
  </datafield>
  <datafield tag="072" ind1=" " ind2="7">
    <subfield code="a">34</subfield>
    <subfield code="x">Pr&#xE1;vo</subfield>
    <subfield code="2">Konspekt</subfield>
  </datafield>
  <datafield tag="080" ind1=" " ind2=" ">
    <subfield code="a">340</subfield>
    <subfield code="2">undef</subfield>
  </datafield>
  <datafield tag="100" ind1="1" ind2=" ">
    <subfield code="a">Ve&#x10D;e&#x159;a, Milo&#x161;,</subfield>
    <subfield code="d">1949-</subfield>
    <subfield code="4">aut</subfield>
    <subfield code="9">5105</subfield>
  </datafield>
  <datafield tag="245" ind1="1" ind2="0">
    <subfield code="a">Z&#xE1;klady sociologie pr&#xE1;va /</subfield>
    <subfield code="c">Milo&#x161; Ve&#x10D;e&#x159;a, Martina Urbanov&#xE1;</subfield>
  </datafield>
  <datafield tag="250" ind1=" " ind2=" ">
    <subfield code="a">Vyd. 1.</subfield>
  </datafield>
  <datafield tag="260" ind1=" " ind2=" ">
    <subfield code="a">Brno :</subfield>
    <subfield code="b">Dopln&#x11B;k,</subfield>
    <subfield code="c">1996</subfield>
  </datafield>
  <datafield tag="300" ind1=" " ind2=" ">
    <subfield code="a">207 s. ;</subfield>
    <subfield code="c">21 cm</subfield>
  </datafield>
  <datafield tag="490" ind1="1" ind2=" ">
    <subfield code="a">Edice u&#x10D;ebnic Pr&#xE1;vnick&#xE9; fakulty Masarykovy univerzity v Brn&#x11B; ;</subfield>
    <subfield code="v">sv. 159</subfield>
  </datafield>
  <datafield tag="500" ind1=" " ind2=" ">
    <subfield code="a">Pozn.</subfield>
  </datafield>
  <datafield tag="500" ind1=" " ind2=" ">
    <subfield code="a">Vydavatel: Masarykova univerzita, Pr&#xE1;vnick&#xE1; fakulta</subfield>
  </datafield>
  <datafield tag="650" ind1="0" ind2="7">
    <subfield code="a">pr&#xE1;vn&#xED; sociologie</subfield>
    <subfield code="2">czenas</subfield>
    <subfield code="9">5106</subfield>
  </datafield>
  <datafield tag="655" ind1=" " ind2="7">
    <subfield code="a">u&#x10D;ebnice vysok&#xFD;ch &#x161;kol</subfield>
    <subfield code="2">czenas</subfield>
    <subfield code="9">3091</subfield>
  </datafield>
  <datafield tag="700" ind1="1" ind2=" ">
    <subfield code="a">Urbanov&#xE1;, Martina,</subfield>
    <subfield code="d">1962-</subfield>
    <subfield code="4">aut</subfield>
    <subfield code="9">5107</subfield>
  </datafield>
  <datafield tag="710" ind1="2" ind2=" ">
    <subfield code="a">Masarykova univerzita.</subfield>
    <subfield code="b">Pr&#xE1;vnick&#xE1; fakulta</subfield>
    <subfield code="9">5108</subfield>
  </datafield>
  <datafield tag="856" ind1="4" ind2="1">
    <subfield code="u">http://krameriusndk.nkp.cz/search/handle/uuid:d4e7fd70-c610-11e8-bbaa-005056827e52</subfield>
    <subfield code="y">Digitalizovan&#xFD; dokument</subfield>
  </datafield>
  <datafield tag="952" ind1=" " ind2=" ">
    <subfield code="0">0</subfield>
    <subfield code="1">0</subfield>
    <subfield code="2">udc</subfield>
    <subfield code="4">0</subfield>
    <subfield code="7">0</subfield>
    <subfield code="8">D</subfield>
    <subfield code="a">10000</subfield>
    <subfield code="b">10000</subfield>
    <subfield code="d">2025-10-24</subfield>
    <subfield code="i">22330</subfield>
    <subfield code="l">1</subfield>
    <subfield code="m">4</subfield>
    <subfield code="o">S1602</subfield>
    <subfield code="p">S1602</subfield>
    <subfield code="q">2026-02-17</subfield>
    <subfield code="r">2025-11-07</subfield>
    <subfield code="s">2025-11-07</subfield>
    <subfield code="w">2025-10-24</subfield>
    <subfield code="y">OLDO</subfield>
  </datafield>
</record>
